Statistics for Countries with coins having face value 3

Click here to take the quiz!

General Stats

  • This quiz has been taken 28 times
  • The average score is 7 of 13

Answer Stats

Country% Correct
United Kingdom
100%
Russia
80%
India
64%
Azerbaijan
56%
Kazakhstan
56%
Armenia
52%
Cuba
48%
Kyrgyzstan
48%
Uzbekistan
48%
Tajikistan
44%
Bhutan
36%
Malta
32%
El Salvador
20%

Score Distribution

Percentile by Number Answered

Percent of People with Each Score

Your Score History

You have not taken this quiz